00646cam a22002171 4500001001300000003000400013005001700017008004100034010001700075035002000092040001700112042001200129050001600141100002800157245009700185260005700282300002000339650003100359752002100390999001700411he 68002134 DLC20260227111501.0841029s1966 is 000 0 heb  ahe 68002134  a(OCoLC)19195420 aDLCcMHdDLC apremarc00aPJ5038b.S21 aSadan, Dov,d1902-1989.10aḲitʻe ḳeriʼah :ble-shiʻuro...mavo le-sifrut ha-dorot ha-aḥaronim : maḥzor bet... aTel Aviv :bMifʻal ha-shikhpul,c727 [1966 or 1962] a98 p. ;c24 cm. 0aHebrew literature, Modern. aIsraeldTel Aviv c33513d33513